000 00581nam a2200133Ia 4500
008 100328s9999 xx 000 0 und d
082 _b34568
100 _aज्ञानेश्वरदास
245 _aश्री तुकाराम महाराजांचे चरित्र
260 _bश्रीवासुदेव महाराज
630 _aश्री तुकाराम महाराजांचे चरित्र
730 _aश्री तुकाराम महाराजांचे चरित्र
942 _cBOOK
999 _c524694
_d524691